00866nam a2200241 a 4500999001500000001000500015003000900020005001700029008004100046020001500087040003800102082001900140100002500159245009500184260005400279300004200333504005100375650001500426650002900441650002500470942001200495952011700507 c2323d23231736BD-DhUAP20210128142722.0200223s1995 bg af b 001 0 eng  a053425134X aBD-DhUAPcBD-DhUAPdBD-DhUAPbEng a616.89 LIL223 aLilienfeld, Scott O. aSeeing both sides : bclassic controversies in abnormal psychology /cScott O. Lilienfeld. aPacific Grove : bBrooks/Cole Publishing,cc1995. a496 pages :billustrations ; c26 cm. aIncludes bibliographical references and index. aPsychiatry aPsychiatry -- Philosophy aClinical psychology. 2ddccBK 00102ddc4070aUAPCLbUAPCLcGeneral Stacksd2020-02-23o616.89 LILp3010001736r2020-02-23t1w2020-02-23yBK